000 00254nam a2200109Ia 4500
999 _c9238
_d9238
020 _a978-0132433105
100 _aWilliam Stallings
245 0 _aData and Computer Communications
260 _aNew Delhi
_bMcGraw Hill
_c2017
300 _a104
942 _cBK